| 000 | 00837nam a2200229 i 4500 | ||
|---|---|---|---|
| 001 | 177541 | ||
| 003 | ES-MaACL | ||
| 005 | 20250717142010.0 | ||
| 007 | t| | ||
| 008 | 110401s1974 sp r ||||1| spa d | ||
| 020 | _a84-312-0175-4 | ||
| 080 | _a94(460)"1936/1939"(093.3) | ||
| 100 | 1 |
_aGuzmán, Eduardo de, _d1908-1991 _961283 |
|
| 245 | 1 | 3 |
_aEl año de la victoria / _cEduardo de Guzmán. |
| 260 |
_aMadrid : _bG. del Toro, _ccop. 1974. |
||
| 300 |
_a375 p. ; _c21 cm. |
||
| 490 | 1 |
_aMemorias de la guerra civil española 1936-39 ; _v10 |
|
| 651 | 4 |
_aEspaña- _xHistoria- _y1936-1939, Guerra civil- _vRelatos personales. _98326 |
|
| 830 | 0 | 0 |
_aMemorias de la guerra civil española 1936-39 _v10 _9181851 |
| 852 |
_aES-MaACL _jE-14755 _xOlim P-1031 _z.- Dedicatoria y firma autógrafa del autor |
||
| 999 |
_c177541 _d177541 |
||